Las nuevas derechas latinoamericanas frente a una globalización en crisis /

Guardat en:
Dades bibliogràfiques
Autor principal: Sanahuja, José Antonio
Altres autors: Comini, Nicolás
Format: Llibre
Idioma:Spanish
Etiquetes: Afegir etiqueta
Sense etiquetes, Sigues el primer a etiquetar aquest registre!

MARC

LEADER 00000nam a22000007a 4500
003 cru CIDCACS/IIS
005 20180830111859.0
007 ta
008 180830s2018 |||p|r||||||0| ||spa||
999 |c 41614  |d 41614 
040 |c cru CIDCACS/IIS 
100 1 |9 7565  |a Sanahuja, José Antonio 
245 1 4 |a Las nuevas derechas latinoamericanas frente a una globalización en crisis /  |c José Antonio Sanahuja, Nicolás Comini 
300 |a páginas 32-46 
700 1 |9 7566  |a Comini, Nicolás 
773 0 |0 19022  |9 2208  |a Fundación Friedrich Ebert  |d Fundación Friedrich Ebert; Nueva Sociedad  |o 18914  |t Nueva Sociedad / 
942 |2 ddc  |c PP